Actor's With "H" in Their Name by Picture - Statistics

General Stats
  • This quiz has been taken 182 times
  • The average score is 8 of 15
Answer Stats
Picture Answer % Correct
Will Smith
94%
Jackie Chan
93%
Tom Holland
81%
Michael B. Jordan
80%
Whoopi Goldberg
78%
Tom Hardy
75%
Tom Hiddleston
71%
Melissa McCarthy
56%
Josh Brolin
48%
William Shatner
47%
Henry Winkler
40%
Mark Hamill
37%
Sophie Turner
28%
Joshua Bassett
10%
Shawn Ashmore
6%
No matching quizzes found
Score Distribution
Percent of People with Each Score
Percentile by Number Answered
Your Score History
You have not taken this quiz